[Event "Split op 10th"]
[Site "Split"]
[Date "2021.08.03"]
[Round "5"]
[White "Mihalic, Goran"]
[Black "Bozinovic, Bogdan"]
[Result "0-1"]
[WhiteElo "2039"]
[BlackElo "2170"]
[PlyCount "54"]
[EventDate "2021.07.31"]
[EventType "swiss"]
[EventRounds "9"]
[EventCountry "CRO"]
[SourceTitle "CBM 203 Extra"]
[Source "ChessBase"]
[SourceDate "2021.09.30"]
[SourceVersion "1"]
[SourceVersionDate "2021.09.30"]
[SourceQuality "1"]

1. e4 c5 2. Nf3 d6 3. d4 cxd4 4. Nxd4 Nf6 5. Nc3 a6 6. Bc4 e6 7. Bb3 Nbd7 8. Bg5 Nc5 9. f4 Be7 10. Qf3 Qc7 11. 0-0-0 b5 12. Kb1 0-0 13. f5 b4 14. Bxf6 Bxf6 15. Nce2 Bd7 16. Nf4 Rae8 17. g4 Qb7 18. fxe6 fxe6 19. Nf5 Be5 20. Nd5 Nxb3 21. Nde7+ Kh8 22. Qh3 exf5 23. Ng6+ Kg8 24. Nxf8 Kxf8 25. axb3 Qxe4 26. gxf5 Rc8 27. Rc1 Kg8 0-1

[Event "Split op 10th"]
[Site "Split"]
[Date "2021.08.01"]
[Round "2"]
[White "Roos, Adrian"]
[Black "Mihalic, Goran"]
[Result "1-0"]
[WhiteElo "2303"]
[BlackElo "2039"]
[PlyCount "55"]
[EventDate "2021.07.31"]
[EventType "swiss"]
[EventRounds "9"]
[EventCountry "CRO"]
[SourceTitle "EXT 2022"]
[Source "ChessBase"]
[SourceDate "2021.10.06"]
[SourceVersion "1"]
[SourceVersionDate "2021.10.06"]
[SourceQuality "1"]

1. d4 d5 2. c4 c6 3. Nf3 Nf6 4. Nc3 g6 5. Bf4 Bg7 6. e3 0-0 7. h3 Qa5 8. Nd2 Nbd7 9. Be2 Re8 10. 0-0 e6 11. Rb1 Qd8 12. Nf3 dxc4 13. Bxc4 Nd5 14. Bg3 Nxc3 15. bxc3 Qa5 16. Qc2 a6 17. Rfd1 b5 18. Bd3 e5 19. c4 Bb7 20. Nd2 Rac8 21. Ne4 Re6 22. c5 Rf8 23. Nd6 Bc8 24. Be4 Qc7 25. Rbc1 f5 26. Bxc6 exd4 27. Bd5 Ne5 28. Qb3 1-0

[Event "CRO-chT4 Center-A"]
[Site "Zagreb"]
[Date "2011.10.02"]
[Round "7.22"]
[White "Mihalic, Goran"]
[Black "Podravec, Kresimir"]
[Result "1/2-1/2"]
[WhiteElo "2119"]
[BlackElo "2140"]
[PlyCount "163"]
[EventDate "2011.03.13"]
[EventType "team-tourn"]
[EventRounds "7"]
[EventCountry "CRO"]
[SourceTitle "EXT 2014"]
[Source "ChessBase"]
[SourceDate "2013.11.20"]
[SourceVersion "1"]
[SourceVersionDate "2013.11.20"]
[SourceQuality "1"]

1. e4 c5 2. Nf3 e6 3. d4 cxd4 4. Nxd4 Nf6 5. Nc3 Nc6 6. Ndb5 Bb4 7. a3 Bxc3+ 8. Nxc3 d5 9. exd5 exd5 10. Bg5 d4 11. Bxf6 Qxf6 12. Qe2+ Be6 13. Nd5 Qd8 14. Nf4 0-0 15. Nxe6 fxe6 16. Qxe6+ Kh8 17. 0-0-0 Rxf2 18. Bd3 Qg8 19. Qxg8+ Rxg8 20. Be4 Rd8 21. Rd2 Rf4 22. Bf3 Na5 23. Rd3 g5 24. g3 Rf7 25. Rhd1 b6 26. b3 Kg7 27. Bh5 Rfd7 28. Kb2 Nc6 29. Re1 Rf8 30. b4 a6 31. Kb3 Rf2 32. h4 Kf6 33. Re8 Rh2 34. hxg5+ Kxg5 35. Bf3 Ne7 36. c3 Nf5 37. Rg8+ Kf6 38. Bg4 Rf2 39. Bxf5 Rxf5 40. cxd4 Rfd5 41. Rg4 h5 42. Rf4+ Kg5 43. a4 b5 44. a5 Re7 45. Rc3 Re6 46. Rcf3 Red6 47. Rd3 Re6 48. Kc2 Re2+ 49. Kc3 Re1 50. Rf8 Rc1+ 51. Kd2 Rc4 52. Ke3 Rxb4 53. Ke4 Rd7 54. Ra8 Rb1 55. d5 Re1+ 56. Kd4 b4 57. Rxa6 b3 58. Rb6 Ra1 59. Rbxb3 Rxa5 60. Ke5 Re7+ 61. Kd6 Raa7 62. Rb6 Red7+ 63. Kc6 Rac7+ 64. Kb5 Kf5 65. Rc6 Rb7+ 66. Kc5 Rb1 67. d6 Ke6 68. Re3+ Kf6 69. Rc7 Rc1+ 70. Kb5 Rdxc7 71. dxc7 Rxc7 72. Kb4 Kg5 73. Kb3 Kg4 74. Kb2 Rf7 75. Kc2 Rf3 76. Re8 Rxg3 77. Kd2 h4 78. Ke2 Kh3 79. Kf2 Kh2 80. Rf8 h3 81. Kf1 Rg2 82. Rf2 1/2-1/2

[Event "CRO-chT4 Center-A"]
[Site "Zagreb"]
[Date "2011.03.20"]
[Round "2.52"]
[White "Mihalic, Goran"]
[Black "Vukalovic, Zeljko"]
[Result "1-0"]
[WhiteElo "2119"]
[BlackElo "2018"]
[PlyCount "91"]
[EventDate "2011.03.13"]
[EventType "team-tourn"]
[EventRounds "7"]
[EventCountry "CRO"]
[SourceTitle "EXT 2014"]
[Source "ChessBase"]
[SourceDate "2013.11.20"]
[SourceVersion "1"]
[SourceVersionDate "2013.11.20"]
[SourceQuality "1"]

1. e4 e5 2. Nf3 Nc6 3. Bb5 a6 4. Ba4 Nf6 5. 0-0 Be7 6. Re1 b5 7. Bb3 d6 8. c3 0-0 9. h3 Nb8 10. d4 Nbd7 11. Nbd2 Bb7 12. Bc2 Re8 13. Nf1 Bf8 14. d5 h6 15. b3 Nb6 16. Rb1 c5 17. Ng3 Bc8 18. Nh2 g6 19. Ng4 Nxg4 20. hxg4 Bg7 21. f3 Nd7 22. Kf2 Nf8 23. Rh1 g5 24. Nf5 Qf6 25. Be3 Bxf5 26. gxf5 Nd7 27. Qe2 Qd8 28. a4 Rb8 29. Bd3 bxa4 30. bxa4 Qa5 31. Bxa6 Qxc3 32. Bb5 Red8 33. Qa2 Qa5 34. Bd2 Qa7 35. a5 Nb6 36. Rb2 Na8 37. Rhb1 Nc7 38. Bc6 Rxb2 39. Qxb2 Rc8 40. Qb7 Qa6 41. Qxa6 Nxa6 42. Rb6 Nb4 43. Bxb4 cxb4 44. a6 Rc7 45. Rb7 Rxb7 46. axb7 1-0

[Event "CRO-chT3A Center"]
[Site "Zagreb"]
[Date "2010.04.11"]
[Round "3.43"]
[White "Mihalic, Goran"]
[Black "Jankovic, Mirko"]
[Result "1-0"]
[WhiteElo "2102"]
[BlackElo "2076"]
[PlyCount "105"]
[EventDate "2010.03.21"]
[EventType "team-tourn"]
[EventRounds "11"]
[EventCountry "CRO"]
[SourceTitle "EXT 2012"]
[Source "ChessBase"]
[SourceDate "2011.11.24"]
[SourceVersion "1"]
[SourceVersionDate "2011.11.24"]
[SourceQuality "1"]

1. e4 c5 2. Nf3 e6 3. d4 cxd4 4. Nxd4 Nf6 5. Nc3 d6 6. Bc4 a6 7. Bb3 b5 8. 0-0 Be7 9. Qf3 Qb6 10. Be3 Qb7 11. a3 0-0 12. Rfe1 Nbd7 13. Bg5 Ne5 14. Qe2 Bd7 15. Rad1 Rac8 16. Bc1 Nc4 17. Rd3 e5 18. Nf5 Bxf5 19. exf5 d5 20. Bxc4 bxc4 21. Rg3 Rfe8 22. Bh6 Bf8 23. Bg5 Nd7 24. f6 g6 25. Qd2 d4 26. Ne4 Qc6 27. Rh3 Re6 28. Bh6 Nxf6 29. Nxf6+ Rxf6 30. Bxf8 Kxf8 31. Qh6+ Ke7 32. Rxe5+ Re6 33. Qg5+ Kd7 34. Rxh7 Rxe5 35. Qxe5 Re8 36. Qxd4+ Kc8 37. Rh8 Rxh8 38. Qxh8+ Kb7 39. Qd4 Qe6 40. h4 Qe2 41. Qd5+ Kb6 42. Qxf7 Qxc2 43. Qf6+ Kb7 44. Kh2 Qd3 45. Qf3+ Kc7 46. Kg3 Qc2 47. Qc3 Qe4 48. b3 Kb7 49. bxc4 Kc8 50. c5 Kd8 51. Qf6+ Kd7 52. Qd6+ Ke8 53. c6 1-0

[Event "Zagreb op-B"]
[Site "Zagreb"]
[Date "2010.03.04"]
[Round "9"]
[White "Mihalic, Goran"]
[Black "Draganic, Stjepan"]
[Result "1/2-1/2"]
[WhiteElo "2102"]
[BlackElo "2162"]
[PlyCount "20"]
[EventDate "2010.02.25"]
[EventType "swiss"]
[EventRounds "9"]
[EventCountry "CRO"]
[SourceTitle "CBM 135 Extra"]
[Source "ChessBase"]
[SourceDate "2010.05.04"]
[SourceVersion "1"]
[SourceVersionDate "2010.05.04"]
[SourceQuality "1"]

1. e4 c6 2. d4 d5 3. exd5 cxd5 4. c4 Nf6 5. Nc3 Nc6 6. Nf3 e6 7. cxd5 Nxd5 8. Bd3 Be7 9. 0-0 a6 10. a3 h6 1/2-1/2

[Event "Zagreb op-B"]
[Site "Zagreb"]
[Date "2010.03.01"]
[Round "6"]
[White "Pecnik, Leo"]
[Black "Mihalic, Goran"]
[Result "1-0"]
[WhiteElo "2261"]
[BlackElo "2102"]
[PlyCount "79"]
[EventDate "2010.02.25"]
[EventType "swiss"]
[EventRounds "9"]
[EventCountry "CRO"]
[SourceTitle "CBM 135 Extra"]
[Source "ChessBase"]
[SourceDate "2010.05.04"]
[SourceVersion "1"]
[SourceVersionDate "2010.05.04"]
[SourceQuality "1"]

1. e4 c5 2. Nf3 d6 3. Bb5+ Nd7 4. c3 Ngf6 5. Qe2 a6 6. Ba4 b5 7. Bc2 g6 8. 0-0 Bg7 9. d4 e5 10. Nbd2 0-0 11. a4 Rb8 12. axb5 axb5 13. dxe5 dxe5 14. Rd1 Qc7 15. Nf1 c4 16. Bg5 Bb7 17. Ng3 Nc5 18. h4 Ne6 19. Bxf6 Bxf6 20. Qe3 Nf4 21. Ne2 h5 22. g3 Nxe2+ 23. Qxe2 Be7 24. Ng5 Bc5 25. b4 Bb6 26. g4 hxg4 27. Qxg4 Bc8 28. Qg3 f6 29. Nf3 Rf7 30. h5 g5 31. Nh2 Rh7 32. Ng4 Qf7 33. Rd6 Be6 34. Ra6 Bxg4 35. Qxg4 Bd8 36. Bd1 Kg7 37. Rd7 Be7 38. Raa7 Re8 39. Qf5 Kh6 40. Rxe7 1-0

[Event "CRO-chT3"]
[Site "Zagreb"]
[Date "2008.10.05"]
[Round "7"]
[White "Brkic, Djordje2"]
[Black "Mihalic, Goran"]
[Result "1-0"]
[WhiteElo "2183"]
[BlackElo "2064"]
[PlyCount "109"]
[EventDate "2008.03.30"]
[EventType "team-tourn"]
[EventRounds "9"]
[EventCountry "CRO"]
[SourceTitle "EXT 2011"]
[Source "ChessBase"]
[SourceDate "2010.11.26"]
[SourceVersion "1"]
[SourceVersionDate "2010.11.26"]
[SourceQuality "1"]

1. e4 c5 2. Nf3 d6 3. d4 cxd4 4. Nxd4 Nf6 5. Nc3 a6 6. Bc4 e6 7. Bb3 Nbd7 8. 0-0 Nc5 9. Qe2 Be7 10. Qf3 0-0 11. Bg5 Qc7 12. Rad1 Rb8 13. a3 Nxb3 14. Nxb3 b5 15. Rfe1 a5 16. Rd2 b4 17. axb4 axb4 18. Bxf6 Bxf6 19. Nd1 Bb7 20. Qg3 h6 21. Qxd6 Qxd6 22. Rxd6 Rfc8 23. e5 Be7 24. Rd2 Bg5 25. Ne3 Bf4 26. Na5 Bxe5 27. Nec4 Bc7 28. Nxb7 Rxb7 29. b3 Kf8 30. g3 Ke7 31. Red1 Bb8 32. Kg2 Rc5 33. Rd8 Be5 34. R1d3 Bc3 35. h4 Rbc7 36. Kf3 e5 37. g4 Bd4 38. Rb8 R5c6 39. Rd2 Bc3 40. Rdd8 Rd7 41. Rxd7+ Kxd7 42. Ke4 Ke6 43. h5 g6 44. hxg6 fxg6 45. f3 Kf6 46. Kd5 Ra6 47. Rf8+ Kg5 48. Nd6 Ra2 49. Ne4+ Kh4 50. Rh8 h5 51. Rh6 Rxc2 52. Rxg6 Bd2 53. Kxe5 Rb2 54. Kd4 Rc2 55. Kd3 1-0

[Event "Zagreb op-B"]
[Site "Zagreb"]
[Date "2008.05.14"]
[Round "3"]
[White "Sribar, Peter"]
[Black "Mihalic, Goran"]
[Result "1-0"]
[WhiteElo "2228"]
[BlackElo "2064"]
[PlyCount "63"]
[EventDate "2008.05.12"]
[EventType "swiss"]
[EventRounds "9"]
[EventCountry "CRO"]
[SourceTitle "CBM 124 Extra"]
[Source "ChessBase"]
[SourceDate "2008.07.03"]
[SourceVersion "1"]
[SourceVersionDate "2008.07.03"]
[SourceQuality "1"]

1. Nf3 c5 2. c4 Nf6 3. Nc3 Nc6 4. g3 b6 5. Bg2 Bb7 6. 0-0 e6 7. b3 Be7 8. Bb2 a6 9. e3 0-0 10. d4 cxd4 11. exd4 d5 12. Ne5 Rc8 13. cxd5 Nxd5 14. Nxd5 exd5 15. Nd3 Bf6 16. Nf4 Ne7 17. Nh5 Qd6 18. a4 Bg5 19. h4 Bh6 20. Bh3 f5 21. Ba3 Qd7 22. Re1 Rce8 23. g4 g6 24. g5 Bg7 25. Nxg7 Kxg7 26. Qd2 Rh8 27. Qf4 Nc6 28. h5 Re4 29. Rxe4 dxe4 30. d5 Ne7 31. Qe5+ Kf7 32. Qf6+ 1-0

[Event "CRO-chT3"]
[Site "Zagreb"]
[Date "2008.05.04"]
[Round "6"]
[White "Mihalic, Goran"]
[Black "Damjanovic, Mato"]
[Result "0-1"]
[WhiteElo "2064"]
[BlackElo "2299"]
[PlyCount "94"]
[EventDate "2008.03.30"]
[EventType "team-tourn"]
[EventRounds "9"]
[EventCountry "CRO"]
[SourceTitle "EXT 2011"]
[Source "ChessBase"]
[SourceDate "2010.11.26"]
[SourceVersion "1"]
[SourceVersionDate "2010.11.26"]
[SourceQuality "1"]

1. e4 c5 2. Nf3 a6 3. d3 d6 4. g3 g6 5. Bg2 Bg7 6. 0-0 Nc6 7. c3 Bg4 8. h3 Bxf3 9. Qxf3 e6 10. Be3 Nge7 11. Rd1 0-0 12. d4 cxd4 13. cxd4 d5 14. e5 Nf5 15. Nc3 Rc8 16. Rac1 Qe7 17. g4 Nxe3 18. Qxe3 f5 19. f4 fxg4 20. hxg4 Qh4 21. Bh3 Rxf4 22. Qxf4 Qxh3 23. Ne2 Rf8 24. Qg3 Qxg3+ 25. Nxg3 Rf4 26. g5 Rg4 27. Kf2 Rxg5 28. Kf3 h5 29. Rc3 Nxd4+ 30. Rxd4 Rxg3+ 31. Kf2 Rxc3 32. bxc3 Bxe5 33. Rb4 b5 34. Rb3 Kf7 35. Ra3 g5 36. Rxa6 Bxc3 37. a4 bxa4 38. Rxa4 Kf6 39. Ra3 Bd4+ 40. Kf3 g4+ 41. Kg3 Kg5 42. Ra8 h4+ 43. Kg2 h3+ 44. Kh1 Bf6 45. Rg8+ Kf5 46. Rf8 d4 47. Kh2 e5 0-1